M. Tullii Ciceronis Orationes selectae : In C. Verrem act. II, lib. IV; Pro Archia poeta; Pro M. Marcello; Pro Q. Ligario; In M. Antonium: Philippica I /
Na minha lista:
| Autor principal: | |
|---|---|
| Outros Autores: | |
| Formato: | Livro |
| Idioma: | latim |
| Assuntos: | |
| Tags: |
Sem tags, seja o primeiro a adicionar uma tag!
|
MARC
| LEADER | 00000nam^a2200000^a^4500 | ||
|---|---|---|---|
| 001 | 000385226 | ||
| 005 | 20250526000000.0 | ||
| 009 | 20260310120927.139 | ||
| 037 | |a Acervo Xavier Clavigero | ||
| 041 | |a LAT | ||
| 082 | |a 878. |b CIC OBR DIS | ||
| 100 | |a Cicerón, Marco Tulio |e (autor) | ||
| 240 | 1 | 1 | |a [Discurso de Cicerón en defensa de Marco Claudio Marcelo] |
| 240 | 1 | 1 | |a [Discurso de Cicerón en defensa de Quinto Ligario] |
| 240 | 1 | 1 | |a [Discurso de Cicerón en defensa del poeta Aulo Licinio Arquias] |
| 240 | 1 | 4 | |a [Las filípicas, de Cicerón] |
| 240 | 1 | 1 | |a [Verrinas] |
| 240 | 1 | 1 | |a [Discursos de Cicerón] |
| 245 | 1 | 0 | |a M. Tullii Ciceronis Orationes selectae : |b In C. Verrem act. II, lib. IV; Pro Archia poeta; Pro M. Marcello; Pro Q. Ligario; In M. Antonium: Philippica I / |c M.T. Cicerón ; comentarios de E. Stampini. |
| 264 | |a Turín, Italia : |b Paravia, |c 1893 | ||
| 300 | |a XX, 292 p. ; |c 19.0 cm. | ||
| 336 | |a texto |b txt |2 rdacontenido | ||
| 337 | |a sin mediación |b n |2 rdamedio | ||
| 338 | |a volumen |b nc |2 rdasoporte | ||
| 545 | 0 | |a Nacido en el año 106 a.C. y muerto en el 43 a.C., el romano Marco Tulio Cicerón tomó parte muy activa en la vida política de su época, es recordado especialmente como orador y aunque ha sido calificado como un filósofo carente de una verdadera originalidad, desempeñó un papel central en la difusión de la filosofía griega en la cultura romana. Las Catilinarias, las Filípicas, De la República, De las leyes, De los deberes, De la amistad y Disputas tusculanas son algunos de los títulos que integran su muy extensa obra. Sus Cartas -de las que se han conservado casi un millar- permiten conocer su personalidad como la de ningún otro escritor latino y son una importante fuente histórica para el conocimiento de la vida privada de la Roma de aquel momento. Cicerón es ubicado a veces como un filósofo estoico, empero su formación fue ecléctica y en sus tratados expone las doctrinas de las principales escuelas filosóficas de su tiempo (estoica, epicúrea, académica) sobre problemas metafísicos y morales, al tiempo que sigue la tendencia de Antíoco en su intento de armonizar tales doctrinas en una síntesis con énfasis en las cuestiones éticas. | |
| 561 | |a Ex libris manuscrito de Salvador Plancarte | ||
| 561 | |a Ex libris de Bibl. Iunioratus Coll. Max. Ysletensis, S.J. | ||
| 561 | |a Ex libris de Bibl. Junioratus San Cayetano | ||
| 561 | |a Ex libris de Instituto de Literatura Puente Grande, Jal. | ||
| 561 | |a Ex libris de Bibl. Iunioratus Dom. Prob. S. Ioseph | ||
| 649 | |a XX | ||
| 650 | |a Escritores Latinos - |x Discursos | ||
| 650 | |a Escritores Griegos | ||
| 650 | |a Fiscales Romanos - |x Discursos | ||
| 650 | |a Abogados Romanos - |x Discursos | ||
| 650 | |a Políticos Romanos - |x Discursos | ||
| 650 | |a Militares Romanos | ||
| 650 | |a Discursos Latinos (Oratoria) | ||
| 650 | |a Oratoria Jurídica - |z Roma | ||
| 650 | |a Oratoria Política - |z Roma | ||
| 650 | |a Oratoria Latina | ||
| 650 | |a Oratoria Clásica | ||
| 650 | |a Retórica - |z Roma | ||
| 650 | |a Retórica Clásica | ||
| 650 | |a Literatura y Política - |z Roma | ||
| 650 | |a Literatura Latina - |y Siglo I a.C. | ||
| 650 | |a Literatura Clásica - |y Siglo I a.C. | ||
| 650 | |a Extorsión - |z Sicilia, Italia | ||
| 650 | |a Extorsión - |z Roma | ||
| 650 | |a Corrupción - |z Sicilia, Italia | ||
| 650 | |a Corrupción - |z Roma | ||
| 650 | |a Traición - |z Roma | ||
| 650 | |a Ciudadanía - |z Roma - |x Aspectos Jurídicos | ||
| 650 | |a Defensa Jurídica - |z Roma | ||
| 650 | |a Acusaciones - |z Roma | ||
| 650 | |a Juicios Penales - |z Roma | ||
| 650 | |a Proceso Penal - |z Roma | ||
| 650 | |a Derecho Procesal Penal - |z Roma | ||
| 650 | |a Derecho Procesal - |z Roma | ||
| 650 | |a Derecho Penal - |z Roma | ||
| 650 | |a Derecho Público - |z Roma | ||
| 650 | |a Derecho Romano | ||
| 650 | |a Política - |z Roma - |x Historia | ||
| 650 | |a Sicilia, Italia - |x Historia - |y Consulado, Dictaduras y Triunviratos, 122-31 a.C. | ||
| 650 | |a Sicilia, Italia - |x Historia - |y Contienda Civil, 146-31 a.C. | ||
| 650 | |a Sicilia, Italia - |x Historia - |y Siglo I a.C. | ||
| 650 | |a Roma - |x Historia - |y Consulado, Dictaduras y Triunviratos, 122-31 a.C. | ||
| 650 | |a Roma - |x Historia - |y Contienda Civil, 146-31 a.C. | ||
| 650 | |a Roma - |x Historia - |y Siglo I a.C. | ||
| 650 | |a Roma - |x Historia - |y República, 509-31 a.C. | ||
| 650 | |a Historia Antigua | ||
| 650 | |a Arquias, Aulo Licinio | ||
| 650 | |a Ligario, Quinto | ||
| 650 | |a Marcelo, Marco Claudio |c Cónsul |d (51 a.C.) | ||
| 650 | |a Marco Antonio | ||
| 650 | |a Verres, Gayo | ||
| 740 | 0 | |a Actionis in C. Verrem secundae, liber quartus : |b De signis / |c M.T. Cicerón ; comentarios de E. Stampini. | |
| 740 | 0 | |a Pro A. Licinio Archia poeta / |c M.T. Cicerón ; comentarios de E. Stampini. | |
| 740 | 0 | |a Pro M. Marcello / |c M.T. Cicerón ; comentarios de E. Stampini. | |
| 740 | 0 | |a Pro Q. Ligario / |c M.T. Cicerón ; comentarios de E. Stampini. | |
| 740 | 0 | |a In M. Antonium : |b oratio Philippica prima / |c M.T. Cicerón ; comentarios de E. Stampini. | |
| 700 | |a Stampini, Ettore |e (comentarios) | ||
| 910 | |a Fondo General | ||
| 920 | |a Impresos - Libros | ||
| 930 | |a Libros Antiguos y Raros | ||
| 940 | |a Literatura | ||
| 905 | |a 108 | ||
| 901 | |a 0500279398 |b IT2 |c LRA |u 20250526 | ||
| 902 | |a https://opac.biblio.iteso.mx/vufind/Record/000385226 | ||